000 00405nam a22001337a 4500
003 SGT
020 _a9788123755793
082 _a891.4309
_bM19P
100 _aपाण्डेय, मैनेजर
245 _aमाधवराव स्प्रे प्रतिनिधि संकलन
260 _bनेशनल बुक ट्रस्ट
_c2009
300 _a282
942 _2ddc
_cBK
999 _c29716
_d29716